Who Said It - West or Hitler? - Statistics

General Stats
  • This quiz has been taken 4,588 times
  • The average score is 7 of 10
Answer Stats
Question Answer % Correct
"...I should be respected as such when I walk down the street. Don't ask me questions about something you've seen in the tabloids. Don't try to upset me." Kanye West
83%
"It's not about racism anymore. It's classism." Kanye West
79%
"Humanitarianism is the expression of stupidity and cowardice." Adolf Hitler
78%
"I use emotion for the many and reserve reason for the few." Adolf Hitler
76%
"I have to get the Jewish businessmen to make the contracts fair or die trying." Kanye West
67%
"Words build bridges to unexplored regions." Adolf Hitler
63%
"In a world where conservative opinions are considered controversial, we need to ensure we have the right to express ourselves freely." Kanye West
60%
"I'll just tell you the whole truth and you'll learn to love it." Kanye West
59%
"If you want to live, you have to fight." Adolf Hitler
58%
"The only preventive measure one can take is to live irregularly." Adolf Hitler
55%
No matching quizzes found
Score Distribution
Percent of People with Each Score
Percentile by Number Answered
Your Score History
You have not taken this quiz